Műemlékvédelem - ma - nálunk beszélgetés Mészáros Károllyal, színekről, fészekrakásról, értékek foglalatáról és arról, hogy még nem késő /

Elmentve itt :
Bibliográfiai részletek
Szerzők: Mészáros Károly
Pálfy Katalin
Dokumentumtípus: Cikk
Megjelent: 1985-08-18
Sorozat:Délmagyarország 75 No. 194
Kulcsszavak:Dél-Alföld, Csongrád megye, Építészet műemlékvédelem Dél-Alföld, Építészet műemlékvédelem Csongrád megye
Online Access:http://dmarchiv.bibl.u-szeged.hu/86238
LEADER 00735nab a2200169 i 4500
001 delm86238
005 20190909102809.0
008 190909s1985 hu o 0|| hun d
040 |a SZTE Délmagyarország Archívum  |b hun 
041 |a hun 
100 1 |a Mészáros Károly 
245 1 0 |a Műemlékvédelem - ma - nálunk   |h [elektronikus dokumentum] :  |b beszélgetés Mészáros Károllyal, színekről, fészekrakásról, értékek foglalatáról és arról, hogy még nem késő /  |c  Mészáros Károly 
260 |c 1985-08-18 
300 |a 8 
490 0 |a Délmagyarország  |v 75 No. 194 
695 |a Dél-Alföld, Csongrád megye, Építészet műemlékvédelem Dél-Alföld, Építészet műemlékvédelem Csongrád megye 
700 0 1 |a Pálfy Katalin  |e aut